000 00580nam a2200205Ia 4500
005 20250627170503.0
008 008 250516s9999 xx 000 0 eng d
020 _a9781032290966
040 _beng
_cSDCL
041 _aeng
_2eng
084 _aS:44 R4
100 _aPotochnik, Angela
_9810165
245 0 _aRecipes for Science:
_bAn Introduction to Scientific Methods and Reasoning
250 _a2nd ed.
260 _aNew York :
_bRoutledge,
_c2024.
300 _a368p.
650 _aPhilosophy
700 _aColombo, Matteo Wright, Cory
_9814868
942 _cTEXL
_2CC
999 _c1430688
_d1430688